Записка тайного советника Маркова П. "О мерах к уменьшению дел по обвинениям в преступлениях, предусмотренных в ст. 246 и след. ...

RUSMARC
00005258nmc2a22003373x 450
001d6ecff27-8b7b-43fc-b0af-718e4278f31e
00520240819180105.0
100##$a20240716l1880 k y0rusy50 ca
1010#$arus
102##$aRU
105##$aa z |||||
1220#$ad18800904
2001#$aЗаписка тайного советника Маркова П. "О мерах к уменьшению дел по обвинениям в преступлениях, предусмотренных в ст. 246 и след. Улож[ения] о наказ[аниях]"
$j04.09.1880
215##$a16 листов
$cтабл.
$d38,4 х 25
251##$cДело
300##$aЗаголовок дела на папке: Записка тайного советника П. Маркова "О мерах к уменьшению дел по обвинениям в преступлениях, предусмотренных в ст. 246 и след. Улож. о наказ."
300##$aРукописный текст
325##$aЗамикрофильмировано
330##$aВходит в раздел описи: Материалы, относящиеся к деятельности Лорис-Меликова М. Т. в Верховной Распорядительной Комиссии
461#0$1001cda3d175-ae4a-411a-8dea-9cc20fb178f6
$12001
$aЛорис-Меликов Михаил Тариелович, граф, министр внутренних дел, главный начальник "верховной распорядительной комиссии по охранению государственного порядка и общественного спокойствия", генерал от кавалерии
$1251
$cФонд
$1852
$j569
462#0$1001163e060a-d7cc-404d-90ee-e28c9801971b
$12001
$aОпись дел фонда М. Т. Лорис-Меликова за 1858-1915 гг.
$vД. 71
$1251
$cОпись
$1852
$j1
5171#$aЗаписка тайного советника П. Маркова "О мерах к уменьшению дел по обвинениям в преступлениях, предусмотренных в ст. 246 и след. Улож. о наказ."
600#1$aМарков
$bП.
605##$3DITM\AF\0000002775
$aВласть
$lколлекция
$2acquisition_prlib
6101#$aТайный советник
$aОбвинения в преступлениях
$aУложения о наказаниях
686##$a63.3(2)535-332ю1
$cИстория
$2rubbk
686##$a67.400.6ю1
$cПраво
$2rubbk
700#1$aМарков
$bП.
801#0$aRU
$bGA_RF
801#1$aRU
$bГлавНИВЦ
$c20240716
$2rusmarc
801#2$aRU
$bПБ им. Б.Н. Ельцина
$c20240819
$gRCR
$2rusmarc
852##$aГА РФ
$j71
937##$d193621568
$hГАРФ
035##$aRuPRLIB51076423
856##$uhttp://readingroom.main.prlib.ru/item.aspx?id_node=n193621568&mode=full
Формат отображения